000 00637cam a22002051 4500
001 sa 64003825
003 DLC
005 20260227112020.0
008 890403q io b 000 0 ind
010 _asa 64003825
035 _a(OCoLC)23561621
040 _aDLC
_cMiU
_dDLC
042 _apremarc
050 0 0 _aDS480.85
_b.I52
110 1 _aIndonesia.
_bDepartemen Penerangan
245 1 0 _aMasalah pertikaian India-Tiongkok.
260 _aDjakarta,
_bDepartemen Penerangan, Direktorat Publisitet & Penerangan Daerah, Bagian Dokumentasi
_c[cover 1963]
300 _a94 p.
_bmap.
_c34 cm.
650 0 _aSino-Indian Border Dispute, 1957-
999 _c58142
_d58142